000 00341nam a22001457a 4500
003 OSt
005 20170105103447.0
008 131204t xxu||||| |||| 00| 0 eng d
020 _a978-0-07-110781-5
040 _cASAB
100 _aEugene W. Nester
_9408
245 _aMicrobiology
_bA human Prespective
250 _a5th Ed.
942 _2ddc
_cBK
999 _c16680
_d16680